Návrh a realizácia virtuálneho modelu železnice

Uložené v:
Podrobná bibliografia
Hlavný autor: Fuska, Martin (Autor)
Ďalší autori: Bartoň, Martin (Vedúci práce)
Médium: Rukopis Kniha
Jazyk:Slovak
Vydavateľské údaje: 2025
Predmet:
On-line prístup:http://is.stuba.sk/zp/portal_zp.pl?podrobnosti=176700
Tagy: Pridať tag
Žiadne tagy, Buďte prvý, kto otaguje tento záznam!

MARC

LEADER 00000ntm a22000003a 4500
001 stuzp103762
003 SK-STU
005 20250628210753.6
007 ta
008 150427s2015----xo-----f-mn---000-0-slo-d
040 |a STU  |b slo 
041 0 |a slo 
100 1 |a Fuska, Martin  |u 066000  |4 aut  |U MTF Materiálovotechnologická fakulta  |T MTF Ústav aplikovanej informatiky, automatizácie a mechatroniky  |X 121792  |U M6000  |Y 86  |7 121792 
242 0 1 |a Design and implementation of a virtual railway model  |y eng 
245 1 0 |a Návrh a realizácia virtuálneho modelu železnice 
260 |c 2025 
650 4 |a virtuálny model  |2 slo 
650 4 |a PLC  |2 slo 
650 4 |a železnica  |2 slo 
650 4 |a PLC  |2 eng 
650 4 |a virtual model  |2 eng 
650 4 |a railway  |2 eng 
700 1 |a Bartoň, Martin  |u 066000  |k Z1  |4 ths  |U MTF Materiálovotechnologická fakulta  |T MTF Ústav aplikovanej informatiky, automatizácie a mechatroniky  |X 71659  |U M6000  |Y 86  |7 71659 
856 4 |u http://is.stuba.sk/zp/portal_zp.pl?podrobnosti=176700 
996 |c M* BP-9916  |l MMSKP  |s P  |a 0  |w stuzp103762_0001